| 000 -LEADER |
| fixed length control field |
01514 a2200277 4500 |
| 003 - CONTROL NUMBER IDENTIFIER |
| control field |
OSt |
| 005 - DATE AND TIME OF LATEST TRANSACTION |
| control field |
20180116192354.0 |
| 008 - FIXED-LENGTH DATA ELEMENTS--GENERAL INFORMATION |
| fixed length control field |
120601t xxu||||| |||| 00| 0 eng d |
| 010 ## - LIBRARY OF CONGRESS CONTROL NUMBER |
| LC control number |
2009029818 |
| 020 ## - INTERNATIONAL STANDARD BOOK NUMBER |
| International Standard Book Number |
9780873658591 (cloth : alk. paper) |
| 040 ## - CATALOGING SOURCE |
| Transcribing agency |
0 |
| 082 00 - DEWEY DECIMAL CLASSIFICATION NUMBER |
| Classification number |
297.40954 |
| 100 1# - MAIN ENTRY--PERSONAL NAME |
| Personal name |
Samina Quraeshi, |
| 9 (RLIN) |
3475 |
| 245 10 - TITLE STATEMENT |
| Title |
Sacred spaces : |
| Remainder of title |
a journey with the Sufis of the Indus / |
| Statement of responsibility, etc. |
Samina Quraeshi ; with contributions by Ali S. Asani, Carl W. Ernst, Kamil Khan Mumtaz. |
| 260 ## - PUBLICATION, DISTRIBUTION, ETC. |
| Place of publication, distribution, etc. |
Cambridge, Mass. : |
| Name of publisher, distributor, etc. |
Peabody Museum Press ; |
| Place of publication, distribution, etc. |
Ahmedabad : |
| Name of publisher, distributor, etc. |
Mapin Pub., |
| Date of publication, distribution, etc. |
2010. |
| 300 ## - PHYSICAL DESCRIPTION |
| Extent |
xii, 278 p. : |
| Other physical details |
col. ill., col. maps; |
| Dimensions |
31 cm. |
| 500 ## - GENERAL NOTE |
| General note |
Published in conjunction with the exhibition "Sacred Spaces: Reflections on a Sufi Path," held from 22 October 2009 to 30 April 2010 at the Peabody Museum of Archaeology and Ethnology, Harvard University, Cambridge, Massachusetts. |
| 505 0# - FORMATTED CONTENTS NOTE |
| Formatted contents note |
Preface -- Images of South Asian Sufism / Ali S. Asani -- Islam and Sufism in contemporary South Asia / Carl W. Ernst -- The architecture of Sufi shrines / Kamil Khan Mumtaz -- Storytelling as imaginative history / Samina Quraeshi -- Afterword -- Selected bibliography -- Contributors. |
| 650 10 - SUBJECT ADDED ENTRY--TOPICAL TERM |
| Topical term or geographic name entry element |
Sufism |
| Geographic subdivision |
South Asia. |
| 9 (RLIN) |
3476 |
| 650 10 - SUBJECT ADDED ENTRY--TOPICAL TERM |
| Topical term or geographic name entry element |
Sufis |
| Geographic subdivision |
South Asia. |
| 9 (RLIN) |
3477 |
| 700 1# - ADDED ENTRY--PERSONAL NAME |
| Personal name |
Asani, Ali S. |
| Dates associated with a name |
1954- |
| 9 (RLIN) |
3478 |
| 700 1# - ADDED ENTRY--PERSONAL NAME |
| Personal name |
Ernst, Carl W., |
| Dates associated with a name |
1950- |
| 9 (RLIN) |
3479 |
| 700 1# - ADDED ENTRY--PERSONAL NAME |
| Personal name |
Mumtaz, Kamil Khan. |
| 9 (RLIN) |
3480 |
| 942 ## - ADDED ENTRY ELEMENTS (KOHA) |
| Institution code [OBSOLETE] |
SADA |
| Koha item type |
Book |
| Call number prefix |
297.40954 SAM 2010 |
| Source of classification or shelving scheme |
|
| 952 ## - LOCATION AND ITEM INFORMATION (KOHA) |
| -- |
BOOK |